000 01009nam a2200313 i 4500
001 000011208
003 DO-SdBNP
005 20251029145048.0
007 ta
008 091015s1998 dr a r 000 p spa d
020 _a8489953104
040 _aDO-SdBNP
_bspa
_cBNPHU
_erda
041 _aspa
082 4 _aRD861.44
_bR918m
_222
100 1 _aRueda, Manuel,
_d1921-1999
_eautor
_4aut.
_922834
245 1 4 _aLas metamorfosis de Makandal /
_cManuel Ruedas.
250 _aPrimera edición
264 4 _aSanto Domingo :
_bBanco Central de la República Dominicana,
_c©1998.
300 _a221 páginas :
_bilustraciones ;
_c25 cm.
336 _atexto
_btxt
_2rdacontent
337 _asin mediación
_bn
_2rdamedia
338 _avolumen
_bnc
_2rdamedia
500 _aIncluye datos biográficos del autor en las solapas
590 _aInventariado, 2018/BT
650 4 _aPoesía dominicana
_966
650 4 _aLiteratura dominicana.
_967
910 _aValidado. Control de calidad. MMOLINA
942 _2ddc
_cLBS1
999 _c10927
_d10927